00681nam a2200193Ia 4500008004100000020001400041082001700055100002600072245007900098250000800177260004500185300002900230500001900259600002100278650005000299942000700349952011600356999001500472240925s9999 xx 000 0 und d a130122564 a005.7585 SCH aSchneider ,Robert D. 0aOptimizing SQL Server 7: planning and building a high-performance database a2nd aNew Jersey:bPrintice- Hall Int.c,1999. axiii,566p.bNAfOriginal aIncludes Index aComputer Science aComputer science, information & general works cBK 001040708CSaUITUbUITUd2001-03-20eNAg395.00l0o005.7585 SCHpQ3549r2024-09-25 07:13:11w2024-09-25yBK c6048d6048